000 00608nam a2200193 4500
003 OSt
005 20240619094403.0
008 240619b |||||||| |||| 00| 0 eng d
040 _cMUST
082 _a510 FOR 1965
100 _aFormby, John
_917479
245 _aAn introduction to the mathematical formulation of self-organizing systems /
_cJohn Formby
260 _aLondon
_bE.&F.N. Spon
_c1965
300 _avii,200p.:
_bill. ;
_c20 cm.
440 _aSpon's industrial mathematics series
_917480
504 _aIncludes bibliographical references and index
650 _aMathematics
942 _2ddc
_cO_SHELF
999 _c8631
_d8631